| 000 | 00637nam a2200241 a 4500 | ||
|---|---|---|---|
| 001 | nice12345678 | ||
| 003 | IN_TiNIC | ||
| 005 | 20260116012256.0 | ||
| 008 | 050524s1978 u sa grp 000 0 eng | ||
| 020 |
_a0817031 _c326.65 |
||
| 082 | 0 | 0 |
_a270.82 _bCUL |
| 100 | _aCulperpper, Robert H | ||
| 245 |
_aEvaluating the Charismatic Movement _b Theological and Biblical Appraisal |
||
| 260 |
_aU S a _bJudson Press _c1978 |
||
| 300 | _a192p | ||
| 500 | _aincludes index and biblioraphy | ||
| 505 | 2 | _aIndex | |
| 650 | _aPentecostalism | ||
| 700 | 1 | _aCulperpper, Robert H | |
| 902 | _bSRS | ||
| 942 | _cBK | ||
| 999 |
_c6351 _d6351 |
||